Gwen John, 1876-1939 /

Saved in:
Bibliographic Details
Main Author: Chitty, Susan, Lady.
Other Authors: John, Gwen, 1876-1939.
Format: Book
Language:English
Published: London : Hodder and Stoughton, 1981.
Subjects:
Tags: Add Tag
No Tags, Be the first to tag this record!
LEADER 00702nam a2200229 a 4500
001 001023577-9
005 20020606090541.3
008 821015s1981 enkac b 00110beng d
020 |a 0340244801 :  |c £9.95 
035 0 |a ocm07895511 
035 1 |a MAHA82B2454 
040 |a CtY-BA  |c CtY-BA  |d MH-FA 
100 1 |a Chitty, Susan,  |c Lady. 
245 0 0 |a Gwen John, 1876-1939 /  |c Susan Chitty. 
260 0 |a London :  |b Hodder and Stoughton,  |c 1981. 
300 |a 223 p., [16] p. of plates :  |b ill. (some col.), facsims., ports. ;  |c 24 cm. 
500 |a Includes indexes. 
504 |a Bibliography: p. 204-205. 
600 1 0 |a John, Gwen,  |d 1876-1939. 
700 1 |a John, Gwen,  |d 1876-1939. 
988 |a 20020608 
906 |0 RLIN